[Event "50th POL-ch"]
[Site "Czestochowa POL"]
[Date "1993.04.??"]
[Round "1"]
[White "Ciemniak, Robert"]
[Black "Pedzich, Dominik"]
[Result "1/2-1/2"]
[WhiteElo "2440"]
[BlackElo "2390"]
[EventDate "1993.04.17"]
[PlyCount "135"]

1.e4 e5 2.Nf3 Nc6 3.Bb5 a6 4.Ba4 Nf6 5.O-O Be7 6.Re1 b5 7.Bb3 O-O 8.d4 d6 
9.c3 Bg4 10.d5 Na5 11.Bc2 c6 12.h3 Bc8 13.dxc6 Qc7 14.Nbd2 Qxc6 15.Nf1 Be6
16.Ng3 Rfc8 17.Ng5 Bd7 18.Nf5 Bxf5 19.exf5 Nc4 20.b3 Nb6 21.Bd2 Nbd7 22.
Nf3 Bd8 23.Rc1 Bb6 24.Bb1 h6 25.Qe2 Re8 26.c4 bxc4 27.Rxc4 Qb7 28.Nh2 d5 
29.Rh4 e4 30.Ng4 Nxg4 31.hxg4 Nf6 32.g5 e3 33.fxe3 hxg5 34.Rh3 g4 35.Rg3 
d4 36.Bd3 Qc7 37.Qf2 dxe3 38.Bxe3 Rxe3 39.Rgxe3 g3 40.Qf3 Re8 41.Kf1 Bxe3 
42.Rxe3 Qc1+ 43.Ke2 Qb2+ 44.Ke1 Qa1+ 45.Kd2 Qxa2+ 46.Ke1 Qa1+ 47.Kd2 Qb2+ 
48.Ke1 Rxe3+ 49.Qxe3 Qxg2 50.Bf1 Qh2 51.Qf3 Qg1 52.Kd2 Qd4+ 53.Bd3 Qh4 54.
Bf1 Qb4+ 55.Kc2 Ne4 56.Qd3 Qc5+ 57.Kb1 Nf6 58.Qxg3 Qxf5+ 59.Bd3 Qc8 60.b4 
Nd5 61.Qd6 Nc3+ 62.Kb2 Nb5 63.Qe5 Nc7 64.Qd6 g6 65.Bc4 Kg7 66.Qe5+ Kg8 67.
Qd6 Kg7 68.Qe5+ 1/2-1/2

[Event "50th POL-ch"]
[Site "Czestochowa POL"]
[Date "1993.04.??"]
[Round "1"]
[White "Grabarczyk, Miroslaw"]
[Black "Maciejewski, Andrzej"]
[Result "1/2-1/2"]
[WhiteElo "2455"]
[BlackElo "2375"]
[EventDate "1993.04.17"]
[PlyCount "123"]

1.d4 g6 2.c4 c6 3.Nf3 Bg7 4.g3 d6 5.Bg2 Bg4 6.Nc3 Qb6 7.e3 Nf6 8.O-O Nbd7 
9.h3 Bxf3 10.Bxf3 O-O 11.b3 Rfe8 12.Bb2 e5 13.Qc2 h5 14.Rad1 Nf8 15.c5 
dxc5 16.Na4 Qc7 17.dxe5 N6d7 18.Nxc5 Nxc5 19.Qxc5 Bxe5 20.Bxe5 Rxe5 21.Qd6
Qxd6 22.Rxd6 a5 23.Rfd1 Kg7 24.Bg2 Rc5 25.Bf1 Re8 26.h4 Re4 27.R6d4 Rxd4 
28.Rxd4 Kf6 29.b4 axb4 30.Rxb4 b5 31.a4 bxa4 32.Rf4+ Ke7 33.Rxa4 Nd7 34.f4
Nf6 35.Bc4 Ng4 36.Ra7+ Kd6 37.Bxf7 Rc1+ 38.Kg2 Nxe3+ 39.Kf3 Rc3 40.Bxg6 
Nf5+ 41.Kf2 Nxg3 42.Ra5 c5 43.Ra8 Nh1+ 44.Kg2 Ng3 45.Re8 c4 46.f5 Nxf5 47.
Bxf5 Ra3 48.Bg6 Ra5 49.Kf3 Rc5 50.Kf4 c3 51.Re1 c2 52.Rc1 Ke6 53.Bd3 Kf6 
54.Ke4 Kg7 55.Kd4 Rc8 56.Bxc2 Kh6 57.Kd3 Rd8+ 58.Kc3 Rc8+ 59.Kd2 Rc4 60.
Rh1 Rg4 61.Ke3 Rg1 62.Rxg1 1/2-1/2

[Event "50th POL-ch"]
[Site "Czestochowa POL"]
[Date "1993.04.??"]
[Round "1"]
[White "Markowski, Tomasz"]
[Black "Jakubiec, Artur"]
[Result "1-0"]
[WhiteElo "2450"]
[BlackElo "2355"]
[EventDate "1993.04.17"]
[PlyCount "58"]

1.e4 d5 2.exd5 Nf6 3.c4 c6 4.Nc3 cxd5 5.cxd5 g6 6.Bc4 Bg7 7.Nge2 Nbd7 8.d3
Nb6 9.Qb3 O-O 10.O-O Bg4 11.f3 Bd7 12.Be3 Rc8 13.Rac1 Re8 14.Nd4 Qc7 15.d6
Nxc4 16.dxc7 Nxe3 17.Rfe1 Nh5 18.Ndb5 a6 19.Rxe3 axb5 20.Re4 Bh6 21.Rc2 
Nf4 22.g3 Nh3+ 23.Kg2 Ng5 24.Ree2 Bg7 25.Nxb5 Bc6 26.Rxc6 bxc6 27.Nd6 Rxc7
28.Nxe8 Rc8 29.Nxg7 Kxg7 1-0

[Event "50th POL-ch"]
[Site "Czestochowa POL"]
[Date "1993.04.??"]
[Round "1"]
[White "Matlak, Marek"]
[Black "Skalik, Przemyslaw"]
[Result "1/2-1/2"]
[WhiteElo "2435"]
[BlackElo "2340"]
[EventDate "1993.04.17"]
[PlyCount "66"]

1.Nf3 d5 2.d4 c6 3.c4 Nf6 4.e3 e6 5.Nbd2 Nbd7 6.Bd3 Be7 7.O-O O-O 8.b3 b6 
9.Bb2 Bb7 10.Qe2 Rc8 11.e4 dxe4 12.Nxe4 c5 13.Rad1 Qc7 14.dxc5 bxc5 15.
Rfe1 Nxe4 16.Bxe4 Bxe4 17.Qxe4 Bf6 18.Bxf6 Nxf6 19.Qe5 Qxe5 20.Nxe5 Rc7 
21.Rd6 Rfc8 22.Red1 Kf8 23.f3 Ne8 24.Ra6 Ke7 25.Kf1 f6 26.Nd3 Rd8 27.Nf2 
Rb8 28.Ne4 Rb6 29.Ra5 Rbc6 30.Rb5 a6 31.Rb8 Rc8 32.Rxc8 Rxc8 33.Ke2 Rc6 
1/2-1/2

[Event "50th POL-ch"]
[Site "Czestochowa POL"]
[Date "1993.04.??"]
[Round "1"]
[White "Sapis, Witalis"]
[Black "Schmidt, Wlodzimierz"]
[Result "1/2-1/2"]
[WhiteElo "2420"]
[BlackElo "2425"]
[EventDate "1993.04.17"]
[PlyCount "43"]

1.d4 Nf6 2.c4 g6 3.Nc3 Bg7 4.e4 d6 5.Be2 O-O 6.Bg5 c5 7.d5 h6 8.Bf4 e6 9.
dxe6 Bxe6 10.Bxd6 Re8 11.Nf3 Qb6 12.Bxb8 Raxb8 13.Qc2 Nh5 14.g3 Bxc3+ 15.
Qxc3 Bh3 16.e5 Bg2 17.Rg1 Bxf3 18.Bxf3 Qd6 19.Kf1 Qxe5 20.Qxe5 Rxe5 21.Kg2
Nf6 22.Rgd1 1/2-1/2

[Event "50th POL-ch"]
[Site "Czestochowa POL"]
[Date "1993.04.??"]
[Round "1"]
[White "Urban, Klaudiusz"]
[Black "Pinkas, Karol"]
[Result "1/2-1/2"]
[WhiteElo "2450"]
[BlackElo "2355"]
[EventDate "1993.04.17"]
[PlyCount "146"]

1.d4 d5 2.c4 c6 3.Nf3 Nf6 4.Nc3 e6 5.g3 dxc4 6.a4 c5 7.Bg2 Nc6 8.dxc5 
Qxd1+ 9.Nxd1 Bxc5 10.O-O Nd5 11.Bd2 a5 12.Rc1 b6 13.Ne3 c3 14.Nxd5 exd5 
15.Bxc3 O-O 16.Rfd1 Ba6 17.e3 Rad8 18.Nd4 Ne7 19.Rd2 Bc8 20.Nb3 Bd6 21.Bd4
Bb4 22.Rdc2 Bd7 23.Bxb6 Rb8 24.Bxa5 Bxa4 25.Bxb4 Rxb4 26.Rc7 Bxb3 27.Rxe7 
g6 28.Rec7 Rd8 29.Rc8 Rxc8 30.Rxc8+ Kg7 31.Rc3 Ba4 32.Ra3 Bd7 33.Bxd5 Rxb2
34.Ra7 Be8 35.e4 g5 36.Kg2 Rd2 37.Re7 Kf8 38.Ra7 h6 39.Kf3 f5 40.Ke3 Rd1 
41.f3 fxe4 42.fxe4 Bb5 43.Kf3 Rf1+ 44.Ke3 Rd1 45.Rb7 Be8 46.Rh7 Bg6 47.
Rxh6 Kg7 48.Rh3 Rf1 49.Kd4 Rf3 50.Bc4 Ra3 51.Bd3 Ra4+ 52.Ke3 Ra3 53.g4 Ra2
54.Kd4 Ra4+ 55.Ke5 Ra5+ 56.Ke6 Ra2 57.Rg3 Rxh2 58.e5 Ra2 59.Bxg6 Kxg6 60.
Rd3 Ra4 61.Kd7 Rxg4 62.e6 Re4 63.e7 g4 64.Rd5 Kf7 65.Rf5+ Kg6 66.Rf4 Rxe7+
67.Kxe7 Kg5 68.Rf8 g3 69.Ke6 Kg4 70.Ke5 g2 71.Ke4 Kg3 72.Rg8+ Kf2 73.Rf8+ 
Ke2 1/2-1/2

[Event "50th POL-ch"]
[Site "Czestochowa POL"]
[Date "1993.04.??"]
[Round "2"]
[White "Kuczynski, Robert"]
[Black "Grabarczyk, Miroslaw"]
[Result "1/2-1/2"]
[WhiteElo "2525"]
[BlackElo "2455"]
[EventDate "1993.04.17"]
[PlyCount "89"]

1.e4 c6 2.d4 d5 3.exd5 cxd5 4.c4 Nf6 5.Nc3 e6 6.Nf3 dxc4 7.Bxc4 Be7 8.O-O 
Nc6 9.Re1 O-O 10.Bg5 a6 11.Rc1 b5 12.d5 Nb4 13.Bb3 Nbxd5 14.Nxd5 exd5 15.
Qe2 Bb4 16.Red1 Qd6 17.a3 Ba5 18.Qe5 Qxe5 19.Nxe5 Be6 20.Bxf6 gxf6 21.Nc6 
Bb6 22.Bxd5 Rae8 23.Kf1 Bxd5 24.Rxd5 Re6 25.Nb4 Rfe8 26.Nd3 Re2 27.Re1 
Rxe1+ 28.Nxe1 Rd8 29.Rxd8+ Bxd8 30.Ke2 f5 31.Nd3 a5 32.Ke3 Bf6 33.Kf4 a4 
34.Kxf5 Kg7 35.Ke4 b4 36.Nxb4 Bxb2 37.Nc2 Kf6 38.Kd5 Kf5 39.Ne3+ Kf4 40.
Nc4 Bc3 41.Nd6 Be1 42.f3 Ke3 43.Ne4 Bh4 44.Kd6 Bd8 45.h3 1/2-1/2

[Event "50th POL-ch"]
[Site "Czestochowa POL"]
[Date "1993.04.??"]
[Round "2"]
[White "Maciejewski, Andrzej"]
[Black "Matlak, Marek"]
[Result "1/2-1/2"]
[WhiteElo "2375"]
[BlackElo "2435"]
[EventDate "1993.04.17"]
[PlyCount "21"]

1.g3 d5 2.Bg2 Nf6 3.d3 c6 4.Nd2 e5 5.e4 dxe4 6.dxe4 Bc5 7.Ngf3 O-O 8.O-O 
Nbd7 9.Qe2 a5 10.a4 b6 11.b3 1/2-1/2

[Event "50th POL-ch"]
[Site "Czestochowa POL"]
[Date "1993.04.??"]
[Round "2"]
[White "Pedzich, Dominik"]
[Black "Gizynski, Tomasz"]
[Result "1/2-1/2"]
[WhiteElo "2390"]
[BlackElo "2350"]
[EventDate "1993.04.17"]
[PlyCount "83"]

1.e4 e6 2.d4 d5 3.Nc3 Bb4 4.e5 c5 5.a3 Bxc3+ 6.bxc3 Qc7 7.Nf3 Bd7 8.Rb1 b6
9.h4 Ne7 10.h5 h6 11.Rh3 Ba4 12.Bb5+ Bxb5 13.Rxb5 cxd4 14.cxd4 Qc3+ 15.Qd2
Qxd2+ 16.Bxd2 Nbc6 17.Ke2 O-O 18.Kd3 f6 19.exf6 Rxf6 20.Rb1 Rc8 21.Bb4 Nf5
22.Be1 Rf7 23.Ne5 Rfc7 24.Nxc6 Rxc6 25.c3 Nd6 26.Re3 Nc4 27.Re2 Nxa3 28.
Ra1 Nb5 29.Rb2 Nxc3 30.f3 Rc4 31.Rxa7 Na4 32.Re2 Nc3 33.Rxe6 Nb5 34.Rb7 
Rxd4+ 35.Ke3 Rd1 36.Kf4 Rc7 37.Rb8+ Kf7 38.Ree8 Nd6 39.Rf8+ Ke6 40.Rxb6 
Rxe1 41.Re8+ Re7 42.Rd8 1/2-1/2

[Event "50th POL-ch"]
[Site "Czestochowa POL"]
[Date "1993.04.??"]
[Round "2"]
[White "Pinkas, Karol"]
[Black "Skalik, Przemyslaw"]
[Result "1-0"]
[WhiteElo "2355"]
[BlackElo "2340"]
[EventDate "1993.04.17"]
[PlyCount "79"]

1.e4 c5 2.Nf3 d6 3.d4 cxd4 4.Nxd4 Nf6 5.Nc3 a6 6.Bg5 e6 7.f4 Qc7 8.Qf3 
Nbd7 9.O-O-O b5 10.Bxf6 Nxf6 11.e5 Bb7 12.Qh3 dxe5 13.Nxe6 fxe6 14.Qxe6+ 
Qe7 15.Qb6 Rc8 16.fxe5 Ne4 17.Nxb5 Qc5 18.Qe6+ Be7 19.Qd7+ Kf8 20.Nd4 Bd5 
21.Bxa6 Rc7 22.Rhf1+ Kg8 23.Qe8+ Bf8 24.Rf3 Bf7 25.Rxf7 Rxf7 26.Bc8 Qe7 
27.Qxe7 Rxe7 28.Be6+ Rxe6 29.Nxe6 Be7 30.Rd7 Kf7 31.Nd4 Ra8 32.Nc6 Ra6 33.
Nxe7 Nc5 34.Rc7 Ne6 35.Rc6 Rxa2 36.Nf5 Ra1+ 37.Kd2 Rf1 38.Ne3 Rf2+ 39.Kd3 
Nf4+ 40.Ke4 1-0

[Event "50th POL-ch"]
[Site "Czestochowa POL"]
[Date "1993.04.??"]
[Round "2"]
[White "Schmidt, Wlodzimierz"]
[Black "Markowski, Tomasz"]
[Result "0-1"]
[WhiteElo "2425"]
[BlackElo "2450"]
[EventDate "1993.04.17"]
[PlyCount "126"]

1.Nf3 Nf6 2.c4 g6 3.Nc3 Bg7 4.e4 d6 5.d4 O-O 6.Be2 e5 7.O-O Nc6 8.d5 Ne7 
9.Nd2 Ne8 10.b4 f5 11.c5 Kh8 12.a4 Ng8 13.a5 Ngf6 14.a6 b6 15.f3 Bh6 16.
Nb3 Bxc1 17.Rxc1 Nh5 18.Bb5 Nef6 19.cxd6 cxd6 20.Qc2 Qe7 21.Nd1 Rf7 22.Nf2
Rb8 23.Rfd1 fxe4 24.fxe4 Ng4 25.Qxc8+ Rxc8 26.Rxc8+ Kg7 27.Nxg4 Qg5 28.h3 
Ng3 29.Re1 h5 30.Nf2 Qh4 31.Rc2 Rxf2 32.Rxf2 Nxe4 33.Rff1 Nc3 34.Bc6 Qxb4 
35.Nc1 Ne4 36.Nd3 Qd4+ 37.Nf2 Ng3 38.Rd1 Qc5 39.Kh2 Qe3 40.Nh1 Nxf1+ 41.
Rxf1 e4 42.h4 Qd4 43.Bb5 e3 44.Be2 Qxh4+ 45.Kg1 Qd4 46.Rd1 Qb2 47.Kf1 h4 
48.Rd3 Qe5 49.Bf3 Qa1+ 50.Ke2 Qxh1 51.Rxe3 h3 52.gxh3 Qh2+ 53.Kf1 Qxh3+ 
54.Kf2 Qh4+ 55.Kg2 Qg5+ 56.Kf2 b5 57.Re6 Qf4 58.Ke2 Qc4+ 59.Ke3 b4 60.Be4 
Qxa6 61.Rxg6+ Kf7 62.Re6 Qb6+ 63.Kf4 a5 0-1

[Event "50th POL-ch"]
[Site "Czestochowa POL"]
[Date "1993.04.??"]
[Round "2"]
[White "Urban, Klaudiusz"]
[Black "Sapis, Witalis"]
[Result "1/2-1/2"]
[WhiteElo "2450"]
[BlackElo "2420"]
[EventDate "1993.04.17"]
[PlyCount "58"]

1.d4 c6 2.c4 Nf6 3.Nc3 d5 4.Nf3 dxc4 5.a4 Bg4 6.Ne5 Bh5 7.f3 Nfd7 8.Nxc4 
e5 9.Ne4 Bb4+ 10.Bd2 Qh4+ 11.g3 Qe7 12.Bxb4 Qxb4+ 13.Qd2 Qxd2+ 14.Kxd2 
exd4 15.Ned6+ Ke7 16.Nf5+ Kf6 17.Nxd4 Rd8 18.Kc3 Nc5 19.Bg2 Rxd4 20.Kxd4 
Nb3+ 21.Kc3 Nxa1 22.Rxa1 Nd7 23.a5 Re8 24.e4 Ne5 25.Nxe5 Rxe5 26.b4 g5 27.
Ra2 Ke7 28.Rd2 Re6 29.Rd4 Rh6 1/2-1/2

[Event "50th POL-ch"]
[Site "Czestochowa POL"]
[Date "1993.04.??"]
[Round "3"]
[White "Ciemniak, Robert"]
[Black "Schmidt, Wlodzimierz"]
[Result "0-1"]
[WhiteElo "2440"]
[BlackElo "2425"]
[EventDate "1993.04.17"]
[PlyCount "60"]

1.e4 e6 2.d4 d5 3.e5 c5 4.c3 Nc6 5.Nf3 Bd7 6.dxc5 Bxc5 7.Bd3 f6 8.b4 Bb6 
9.b5 Nxe5 10.Nxe5 fxe5 11.Qh5+ Kf8 12.Ba3+ Ne7 13.Qxe5 Kg8 14.Nd2 Ng6 15.
Qg3 Qf6 16.Rc1 Nf4 17.O-O e5 18.Rce1 Re8 19.Qf3 h5 20.g3 Nh3+ 21.Kg2 Qxf3+
22.Nxf3 e4 23.Nh4 Nxf2 24.Rxf2 Bxf2 25.Kxf2 exd3 26.Ng6 Rh6 27.Ne7+ Kf7 
28.Nxd5 Rxe1 29.Kxe1 Bxb5 30.Bb4 Re6+ 0-1

[Event "50th POL-ch"]
[Site "Czestochowa POL"]
[Date "1993.04.??"]
[Round "3"]
[White "Grabarczyk, Miroslaw"]
[Black "Pedzich, Dominik"]
[Result "0-1"]
[WhiteElo "2455"]
[BlackElo "2390"]
[EventDate "1993.04.17"]
[PlyCount "72"]

1.d4 Nf6 2.c4 g6 3.Nf3 Bg7 4.g3 c6 5.Bg2 d5 6.cxd5 cxd5 7.Nc3 O-O 8.O-O 
Ne4 9.Nxe4 dxe4 10.Ne5 Qd5 11.b3 Nd7 12.Bb2 Nf6 13.Ba3 Re8 14.e3 Be6 15.
Qe1 a5 16.Rc1 a4 17.Nc4 axb3 18.axb3 Qh5 19.Ra1 Bh3 20.f3 Bxg2 21.Kxg2 
exf3+ 22.Rxf3 Ne4 23.h4 b5 24.Nd2 Nxd2 25.Qxd2 Qd5 26.Bb2 Rxa1 27.Bxa1 
Qxb3 28.e4 Qb1 29.Qb2 Qxe4 30.Qxb5 Rc8 31.Qd3 Rc2+ 32.Kh3 Qe6+ 33.g4 h5 
34.Rg3 hxg4+ 35.Rxg4 Re2 36.Qd1 Re1 0-1

[Event "50th POL-ch"]
[Site "Czestochowa POL"]
[Date "1993.04.??"]
[Round "3"]
[White "Markowski, Tomasz"]
[Black "Urban, Klaudiusz"]
[Result "0-1"]
[WhiteElo "2450"]
[BlackElo "2450"]
[EventDate "1993.04.17"]
[PlyCount "86"]

1.Nf3 Nf6 2.g3 g6 3.Bg2 Bg7 4.O-O O-O 5.d3 d5 6.Nbd2 Nc6 7.c4 e5 8.cxd5 
Nxd5 9.Nc4 h6 10.Bd2 Re8 11.a3 Nd4 12.Re1 c6 13.Nxd4 exd4 14.Na5 Rb8 15.
Rc1 Bg4 16.b4 Qd7 17.Qb3 a6 18.a4 Nc3 19.Bxc3 dxc3 20.Qc2 Qc7 21.Nc4 b5 
22.axb5 axb5 23.Ne3 Be6 24.Nd1 c5 25.Nxc3 cxb4 26.Nd5 Qxc2 27.Rxc2 b3 28.
Rc5 b2 29.e3 Bxd5 30.Bxd5 Red8 31.Be4 f5 32.Bd5+ Kh8 33.e4 Bd4 34.Rc7 fxe4
35.dxe4 Rbc8 36.Rxc8 Rxc8 37.Ba2 Rc2 38.Rf1 g5 39.Bb1 Rc1 40.h3 Bc3 41.f4 
Be1 42.Bd3 b1=Q 43.Bxb1 Rxb1 0-1

[Event "50th POL-ch"]
[Site "Czestochowa POL"]
[Date "1993.04.??"]
[Round "3"]
[White "Matlak, Marek"]
[Black "Kuczynski, Robert"]
[Result "1/2-1/2"]
[WhiteElo "2435"]
[BlackElo "2525"]
[EventDate "1993.04.17"]
[PlyCount "34"]

1.d4 d5 2.Nf3 c6 3.Bf4 Qb6 4.Qc1 Nf6 5.e3 Bf5 6.Bd3 Bxd3 7.cxd3 e6 8.h3 
Be7 9.O-O O-O 10.Nc3 Nbd7 11.Qc2 Rfc8 12.Rac1 Qa6 13.Rfd1 h6 14.Qa4 Qb6 
15.Rd2 c5 16.dxc5 Nxc5 17.Qb5 Qd8 1/2-1/2

[Event "50th POL-ch"]
[Site "Czestochowa POL"]
[Date "1993.04.??"]
[Round "3"]
[White "Sapis, Witalis"]
[Black "Pinkas, Karol"]
[Result "1/2-1/2"]
[WhiteElo "2420"]
[BlackElo "2355"]
[EventDate "1993.04.17"]
[PlyCount "103"]

1.d4 d5 2.c4 c6 3.Nf3 Nf6 4.Nc3 e6 5.cxd5 exd5 6.Bg5 Be7 7.Qc2 Nbd7 8.e3 
O-O 9.Bd3 Re8 10.h3 Nf8 11.O-O-O Be6 12.g4 Ne4 13.Bxe7 Qxe7 14.Bxe4 dxe4 
15.Nd2 Bd5 16.h4 a5 17.g5 a4 18.Kb1 b5 19.Rc1 Be6 20.Ncxe4 Bd5 21.f3 b4 
22.Qc5 Qe6 23.Qxb4 Bxa2+ 24.Ka1 Bd5 25.Rc3 Reb8 26.Qd6 Qc8 27.h5 Bxe4 28.
fxe4 Qg4 29.h6 a3 30.b3 Ne6 31.hxg7 Nxg5 32.Qh2 Rb5 33.Rcc1 Qe6 34.Qh6 Rc8
35.e5 Rxe5 36.Nc4 Qxh6 37.Rxh6 Re6 38.Rxe6 fxe6 39.Ka2 Kxg7 40.Nd6 Ra8 41.
Rxc6 h5 42.b4 h4 43.b5 h3 44.b6 h2 45.b7 Rb8 46.Rc1 Kf6 47.Rh1 Nf3 48.Kxa3
Ke7 49.Nc4 Rxb7 50.Ne5 Nxe5 51.dxe5 Rb5 52.Rxh2 1/2-1/2

[Event "50th POL-ch"]
[Site "Czestochowa POL"]
[Date "1993.04.??"]
[Round "3"]
[White "Skalik, Przemyslaw"]
[Black "Maciejewski, Andrzej"]
[Result "1-0"]
[WhiteElo "2340"]
[BlackElo "2375"]
[EventDate "1993.04.17"]
[PlyCount "101"]

1.d4 g6 2.c4 Bg7 3.Nf3 c6 4.g3 d6 5.Bg2 Bg4 6.h3 Bxf3 7.Bxf3 Qb6 8.e3 h5 
9.Nc3 Nd7 10.O-O Ngf6 11.Qc2 e5 12.Rd1 O-O 13.b3 Rfe8 14.Bb2 Nf8 15.Bg2 h4
16.g4 Rad8 17.c5 dxc5 18.Na4 Qc7 19.dxe5 Nd5 20.Bxd5 cxd5 21.Qxc5 Qb8 22.
Rxd5 Nd7 23.Qd6 Nxe5 24.Qxb8 Rxb8 25.Kg2 Rbc8 26.Rad1 Rc2 27.R1d2 Rxd2 28.
Rxd2 Nc6 29.Bxg7 Kxg7 30.Rd7 b5 31.Nc5 Rc8 32.Ne6+ Kf6 33.Nd4 Nxd4 34.exd4
a5 35.Ra7 a4 36.bxa4 bxa4 37.Rxa4 Rc3 38.Ra6+ Ke7 39.d5 Rd3 40.d6+ Ke6 41.
a4 Ra3 42.Ra7 f5 43.d7 Ke7 44.gxf5 gxf5 45.a5 f4 46.f3 Ra2+ 47.Kf1 Rd2 48.
a6 Rd6 49.Ke2 Kd8 50.Ra8+ Kxd7 51.a7 1-0

[Event "50th POL-ch"]
[Site "Czestochowa POL"]
[Date "1993.04.??"]
[Round "4"]
[White "Jakubiec, Artur"]
[Black "Grabarczyk, Miroslaw"]
[Result "0-1"]
[WhiteElo "2355"]
[BlackElo "2455"]
[EventDate "1993.04.17"]
[PlyCount "38"]

1.e4 Nc6 2.d4 d5 3.exd5 Qxd5 4.Nf3 e5 5.Nc3 Bb4 6.a3 Bxc3+ 7.bxc3 Bg4 8.
Be2 O-O-O 9.dxe5 Qe4 10.Bd2 Nh6 11.h3 Bh5 12.g4 Nxe5 13.O-O Bxg4 14.hxg4 
Qxg4+ 15.Kh1 Nxf3 16.Bxf3 Qh3+ 17.Kg1 Rd6 18.Bxb7+ Kxb7 19.Rb1+ Kc8 0-1

[Event "50th POL-ch"]
[Site "Czestochowa POL"]
[Date "1993.04.??"]
[Round "4"]
[White "Kuczynski, Robert"]
[Black "Skalik, Przemyslaw"]
[Result "1/2-1/2"]
[WhiteElo "2525"]
[BlackElo "2340"]
[EventDate "1993.04.17"]
[PlyCount "70"]

1.e4 c5 2.Nf3 d6 3.d4 cxd4 4.Nxd4 Nf6 5.Nc3 a6 6.Be3 e6 7.Be2 Be7 8.a4 Nc6
9.O-O O-O 10.f4 Qc7 11.Kh1 Bd7 12.Qe1 Nxd4 13.Bxd4 Bc6 14.Qg3 g6 15.f5 e5 
16.Be3 d5 17.exd5 Nxd5 18.Nxd5 Bxd5 19.c4 Bc6 20.f6 Bb4 21.Qh4 Kh8 22.c5 
Qa5 23.Rac1 g5 24.Bxg5 Rg8 25.Bd3 e4 26.Bb1 Bd2 27.Bxd2 Qxd2 28.Rc2 Qd7 
29.Re2 Rg4 30.Qh6 Rag8 31.b3 Qe6 32.Qe3 Qe5 33.Kg1 R8g6 34.Ref2 a5 35.Bc2 
Rh4 1/2-1/2

[Event "50th POL-ch"]
[Site "Czestochowa POL"]
[Date "1993.04.??"]
[Round "4"]
[White "Pedzich, Dominik"]
[Black "Matlak, Marek"]
[Result "1-0"]
[WhiteElo "2390"]
[BlackElo "2435"]
[EventDate "1993.04.17"]
[PlyCount "81"]

1.e4 e6 2.d4 d5 3.Nc3 Bb4 4.e5 c5 5.a3 Bxc3+ 6.bxc3 Qc7 7.Qg4 Ne7 8.Bd3 c4
9.Be2 Nf5 10.Nh3 Nc6 11.Qh5 h6 12.Nf4 Bd7 13.Bg4 Nce7 14.Bxf5 Nxf5 15.g4 
Ne7 16.a4 Qa5 17.Kd2 g6 18.Qh3 Bxa4 19.Ba3 b5 20.Qf3 Rh7 21.h4 Kd7 22.Rhe1
Qd8 23.Bc5 Kc6 24.h5 g5 25.Ng2 Nc8 26.Ne3 Nb6 27.Rf1 Nd7 28.Bd6 f6 29.Nxc4
bxc4 30.Rxa4 a5 31.Rxc4+ Kb7 32.Rc7+ Qxc7 33.Bxc7 Kxc7 34.c4 fxe5 35.cxd5 
exd5 36.Qxd5 Ra6 37.Rb1 Rc6 38.Qxa5+ Kd6 39.d5 Rc5 40.Qa6+ Kxd5 41.Qd3+ 
1-0

[Event "50th POL-ch"]
[Site "Czestochowa POL"]
[Date "1993.04.??"]
[Round "4"]
[White "Pinkas, Karol"]
[Black "Maciejewski, Andrzej"]
[Result "1/2-1/2"]
[WhiteElo "2355"]
[BlackElo "2375"]
[EventDate "1993.04.17"]
[PlyCount "115"]

1.e4 g6 2.d4 c6 3.Nc3 Bg7 4.Nf3 b5 5.e5 d5 6.Be2 Nh6 7.Bf4 f6 8.Qd2 Nf7 9.
h3 O-O 10.O-O Be6 11.Rfe1 Re8 12.Nd1 Nd7 13.a4 a6 14.Bf1 Nf8 15.b3 Qd7 16.
Nb2 g5 17.Bh2 g4 18.hxg4 Bxg4 19.Nh4 Bh6 20.Bf4 Bg5 21.g3 Bxh4 22.gxh4 Ng6
23.Bg3 Qf5 24.Nd3 Qh5 25.Re3 Kh8 26.exf6 exf6 27.Nf4 Qh6 28.Nxg6+ hxg6 29.
axb5 axb5 30.Rxe8+ Rxe8 31.Qxh6+ Nxh6 32.Ra6 Re6 33.f3 Bf5 34.c4 Re7 35.
cxd5 cxd5 36.Rxf6 Bc2 37.Be5 Kh7 38.b4 Nf7 39.Bf4 Kg7 40.Rb6 Re1 41.Kf2 
Rb1 42.Bh3 Rxb4 43.Rb7 Kf6 44.Bd2 Rb2 45.Bc1 Rb1 46.Ba3 Bf5 47.Bf1 Rb3 48.
Bf8 Rb2+ 49.Kg3 Rb1 50.Bxb5 Be6 51.Be7+ Kg7 52.Bg5 Bc8 53.Rb6 Nxg5 54.hxg5
Rb4 55.Rc6 Bf5 56.Rc5 Rxd4 57.Ba6 Kf7 58.Rc6 1/2-1/2

[Event "50th POL-ch"]
[Site "Czestochowa POL"]
[Date "1993.04.??"]
[Round "4"]
[White "Sapis, Witalis"]
[Black "Markowski, Tomasz"]
[Result "1/2-1/2"]
[WhiteElo "2420"]
[BlackElo "2450"]
[EventDate "1993.04.17"]
[PlyCount "61"]

1.d4 Nf6 2.c4 g6 3.Nc3 Bg7 4.e4 d6 5.Be2 O-O 6.Bg5 c5 7.d5 Qa5 8.Bd2 e6 9.
Nf3 exd5 10.exd5 Bg4 11.O-O Nbd7 12.h3 Bxf3 13.Bxf3 Rfe8 14.Qc2 Re7 15.
Rae1 Ne5 16.Be2 Rae8 17.a4 Qb6 18.b3 a6 19.Bd1 Qc7 20.Re2 Ned7 21.Rfe1 
Rxe2 22.Rxe2 Rxe2 23.Bxe2 Qb6 24.Bd1 Qd8 25.Qd3 Ne8 26.Qe2 Be5 27.Ne4 Ng7 
28.Ng5 Nf5 29.Nf3 Nd4 30.Nxd4 Bxd4 31.g3 1/2-1/2

[Event "50th POL-ch"]
[Site "Czestochowa POL"]
[Date "1993.04.??"]
[Round "4"]
[White "Schmidt, Wlodzimierz"]
[Black "Gizynski, Tomasz"]
[Result "1/2-1/2"]
[WhiteElo "2425"]
[BlackElo "2350"]
[EventDate "1993.04.17"]
[PlyCount "62"]

1.Nf3 Nf6 2.c4 b6 3.g3 Bb7 4.Bg2 e6 5.O-O Be7 6.Nc3 O-O 7.d4 Ne4 8.Bd2 Bf6
9.Rc1 d6 10.d5 Nxd2 11.Nxd2 Kh8 12.Nde4 Bxc3 13.Nxc3 Nd7 14.b4 Qe7 15.e4 
Ba6 16.Nb5 Ne5 17.Qe2 c6 18.dxc6 Nxc6 19.Qd2 Rfd8 20.Rfd1 e5 21.a3 Bxb5 
22.cxb5 Nd4 23.Qd3 Qd7 24.a4 Rac8 25.h4 Rxc1 26.Rxc1 Rc8 27.Rc4 Qe6 28.Bf1
Rxc4 29.Qxc4 Qxc4 30.Bxc4 Kg8 31.Kf1 Kf8 1/2-1/2

[Event "50th POL-ch"]
[Site "Czestochowa POL"]
[Date "1993.04.??"]
[Round "4"]
[White "Urban, Klaudiusz"]
[Black "Ciemniak, Robert"]
[Result "1-0"]
[WhiteElo "2450"]
[BlackElo "2440"]
[EventDate "1993.04.17"]
[PlyCount "67"]

1.d4 Nf6 2.c4 c5 3.d5 e6 4.Nc3 exd5 5.cxd5 d6 6.e4 g6 7.f4 Bg7 8.Bb5+ Nbd7
9.e5 dxe5 10.fxe5 Nh5 11.e6 Qh4+ 12.g3 Nxg3 13.hxg3 Qxh1 14.Be3 Bxc3+ 15.
bxc3 Qe4 16.Qf3 Qxf3 17.Nxf3 fxe6 18.dxe6 a6 19.exd7+ Bxd7 20.Bxd7+ Kxd7 
21.Bxc5 Kc6 22.Be3 Rae8 23.Kd2 Re4 24.Nd4+ Kd5 25.Kd3 Rc8 26.Nc2 Rce8 27.
Rb1 R4e7 28.Rb6 Rd7 29.Bd4 Rd6 30.Rxb7 h5 31.Rg7 Kc6 32.Ra7 Kd5 33.Ne3+ 
Ke6 34.Rg7 1-0

[Event "50th POL-ch"]
[Site "Czestochowa POL"]
[Date "1993.04.??"]
[Round "5"]
[White "Ciemniak, Robert"]
[Black "Sapis, Witalis"]
[Result "0-1"]
[WhiteElo "2440"]
[BlackElo "2420"]
[EventDate "1993.04.17"]
[PlyCount "82"]

1.e4 c6 2.d4 d5 3.Nd2 dxe4 4.Nxe4 Bf5 5.Ng3 Bg6 6.Bc4 e6 7.N1e2 Bd6 8.h4 
h6 9.Nf4 Bxf4 10.Bxf4 Nf6 11.h5 Bh7 12.c3 Nd5 13.Bc1 O-O 14.Bd3 Bxd3 15.
Qxd3 Nd7 16.c4 N5f6 17.Be3 Qa5+ 18.Bd2 Qa6 19.Rh4 c5 20.dxc5 Nxc5 21.Qe3 
Rac8 22.Bc3 Ncd7 23.Qe2 Rc5 24.Ne4 Nxe4 25.Rxe4 Rfc8 26.Rd1 Qc6 27.f4 Rxh5
28.Kf2 Rf5 29.g4 Rc5 30.Red4 Nf8 31.b3 a5 32.Rd6 Qc7 33.Qb2 f6 34.Qd2 h5 
35.Kg3 hxg4 36.Bb2 Qf7 37.Ba3 Rh5 38.Rd8 Rh3+ 39.Kg2 Qh5 40.Qd6 Rh2+ 41.
Kf1 Qh3+ 0-1

[Event "50th POL-ch"]
[Site "Czestochowa POL"]
[Date "1993.04.??"]
[Round "5"]
[White "Gizynski, Tomasz"]
[Black "Urban, Klaudiusz"]
[Result "1/2-1/2"]
[WhiteElo "2350"]
[BlackElo "2450"]
[EventDate "1993.04.17"]
[PlyCount "54"]

1.e4 g6 2.d4 Bg7 3.Nf3 d6 4.Be2 Nf6 5.Nc3 O-O 6.O-O Nc6 7.Re1 e5 8.dxe5 
dxe5 9.Qxd8 Rxd8 10.Bg5 Be6 11.Nb5 Rd7 12.Bxf6 Bxf6 13.Rad1 Rad8 14.Rxd7 
Rxd7 15.Rd1 Nd4 16.Nbxd4 exd4 17.b3 c5 18.g3 Bg4 19.Kg2 Re7 20.Bd3 Bg7 21.
Re1 Bh6 22.a4 Kf8 23.h3 Bd7 24.Bb5 Bc8 25.Re2 b6 26.Bc6 Ba6 27.Re1 f6 
1/2-1/2

[Event "50th POL-ch"]
[Site "Czestochowa POL"]
[Date "1993.04.??"]
[Round "5"]
[White "Grabarczyk, Miroslaw"]
[Black "Schmidt, Wlodzimierz"]
[Result "1/2-1/2"]
[WhiteElo "2455"]
[BlackElo "2425"]
[EventDate "1993.04.17"]
[PlyCount "89"]

1.d4 Nf6 2.c4 g6 3.Nf3 Bg7 4.g3 c6 5.Bg2 d5 6.cxd5 cxd5 7.Nc3 O-O 8.O-O e6
9.Bf4 Nc6 10.Ne5 Nxe5 11.Bxe5 Bd7 12.Rc1 Bc6 13.b4 Ne4 14.Bxg7 Kxg7 15.
Bxe4 dxe4 16.b5 Bd5 17.Qd2 Rc8 18.Qe3 f5 19.Nxd5 Qxd5 20.Rc5 Rxc5 21.dxc5 
e5 22.Rc1 f4 23.Qc3 f3 24.Qe3 Rc8 25.exf3 exf3 26.h4 h5 27.a4 a6 28.Qc3 
axb5 29.axb5 Rc7 30.Qe3 Kh7 31.Qg5 Qe6 32.Kh2 Qa2 33.Qe3 Qd5 34.Rc3 e4 35.
Rc1 Kg7 36.Qc3+ Kh7 37.Qe3 Kg7 38.Kg1 Kh7 39.Qf4 Rxc5 40.Rxc5 Qxc5 41.Qxe4
Qxb5 42.Qe7+ Kg8 43.Qe6+ Kg7 44.Qe7+ Kg8 45.Qe6+ 1/2-1/2